Statistics for Work Song by Hozier - Lyrics Quiz

Click here to take the quiz!

General Stats

  • This quiz has been taken 345 times
    (335 since last reset)
  • The average score is 219 of 257

Answer Stats

Answer% Correct
i
100%
my
100%
the
100%
a
99%
me
99%
no
99%
to
99%
can
98%
her
98%
hold
98%
in
98%
around
97%
body
97%
crawl
97%
down
97%
grave
97%
when
97%
cold
96%
comes
96%
dark
96%
home
96%
i'll
96%
time
96%
earth
95%
lay
95%
baby
94%
gently
94%
on
94%
sweet
91%
love
90%
empty
89%
an
88%
so
88%
she
87%
burnin'
86%
of
86%
about
83%
and
83%
as
83%
is
83%
just
83%
that
83%
be
82%
could
82%
full
82%
heat?
82%
kissin'
82%
nothin'
82%
barely
81%
i'm
81%
workin'
81%
eat
80%
think
80%
way
80%
kind
79%
was
79%
boys
78%
burning
78%
from
78%
face
76%
never
76%
give
75%
sweeter
74%
than
74%
but
73%
drunken
72%
once
72%
found
71%
nothing
71%
sin
71%
tree
71%
cherry
70%
toothaches
70%
fever
69%
there's
69%
baby's
68%
days
68%
i'd
68%
three
68%
crib
67%
did
67%
with
67%
room
66%
'cause
65%
up
65%
walls
64%
babe
63%
how
63%
long
63%
wrong
63%
dreamed
61%
woke
61%
care
60%
didn't
60%
lived
60%
soft
60%
would
60%
asked
59%
have
59%
heaven
59%
want
59%
what
59%
thought
58%
hands
57%
much
57%
swear
57%
were
57%
done
56%
hell
56%
kissing
56%
none
56%
words
56%
don't
55%
if
55%
lord
54%
forgive
53%
still
53%
fret
52%
put
51%
free
50%
light
45%
low
40%
lamp
34%

Score Distribution

Percentile by Number Answered

Percent of People with Each Score

Your Score History

You have not taken this quiz since the last reset